Loading...
| Literature - World | 0 | 2 | 0 | 0 | 20 | 61 | 85.00 | 0 | 1 | 4.72 | 9.52 |
| Geography | 0 | 2 | 0 | 1 | 20 | 101 | 110.00 | 0 | 1 | 0.00 | 6.19 |
| History - World | 0 | 2 | 0 | 0 | 20 | 59 | 67.00 | 1 | 1 | 8.33 | 15.87 |
| Literature - American | 0 | 2 | 0 | 0 | 20 | 32 | 74.00 | 1 | 1 | 7.91 | 11.11 |
| Science - Chemistry | 0 | 1 | 0 | 0 | 10 | 89 | 89.00 | 0 | 0 | 0.81 | 1.85 |
| Fine Arts - Classical Music | 0 | 1 | 0 | 0 | 10 | 101 | 101.00 | 0 | 0 | 1.09 | 3.17 |
| Mythology | 0 | 1 | 0 | 0 | 10 | 81 | 81.00 | 0 | 0 | 3.29 | 1.85 |
| Philosophy | 0 | 1 | 0 | 0 | 10 | 110 | 110.00 | 0 | 0 | 0.00 | 4.08 |
| Popular Culture | 0 | 1 | 0 | 0 | 10 | 102 | 102.00 | 0 | 0 | 3.14 | 11.43 |
| Science - Biology | 0 | 1 | 0 | 1 | 10 | 94 | 94.00 | 0 | 0 | 0.00 | 1.85 |
| Current Events | 0 | 1 | 1 | 1 | 5 | 109 | 109.00 | 0 | 1 | 0.00 | 3.57 |
| History - European | 0 | 1 | 1 | 0 | 5 | 92 | 92.00 | 0 | 0 | 2.22 | 3.70 |
| History - Other | 0 | 1 | 1 | 0 | 5 | 35 | 35.00 | 1 | 1 | 7.58 | 11.11 |
| Literature - European | 0 | 1 | 1 | 0 | 5 | 127 | 127.00 | 0 | 0 | 0.00 | 1.59 |
| Literature - British | 0 | 0 | 1 | 0 | -5 | 0.00 | 0 | 0 | 0.00 | 0.00 | |
| Science - Other | 0 | 0 | 1 | 0 | -5 | 0.00 | 0 | 0 | 0.00 | 0.00 | |
| Social Science | 0 | 0 | 1 | 0 | -5 | 0.00 | 0 | 0 | 0.00 | 0.00 |